Villes de la Corrèze en images - Statistiques

Statistiques générales
  • Ce quiz a été pris 130 fois
  • Le résultat moyen est 7 sur 18
Statistiques - réponses
Par images Hint Réponse % Correct
T Tulle
87%
B Brive-la-Gaillarde
77%
C Collonges-la-Rouge
75%
U Ussel
66%
A Argentat-sur-Dordogne
61%
E Egletons
52%
U Uzerche
45%
T Turenne
44%
B Beaulieu-sur-Dordogne
32%
A Arnac-Pompadour
23%
U Ussac
23%
C Corrèze
20%
M Meyssac
19%
S Saint-Geniez-ô-Merle
16%
M Malemort
11%
S Saint-Julien-aux-Bois
5%
P Puy-d'Arnac
3%
B Beaumont
2%
Aucun quiz correspondant
Distribution des résultats
% des personnes avec chaque résultat
Percentile par nombre de réponses
Votre historique - résultats
Vous n’avez pas pris ce quiz